[Event "Nordic-ch Seniors"]
[Site "Sarpsborg"]
[Date "2019.06.27"]
[Round "9"]
[White "Lilleng, Gunnar"]
[Black "Eriksen, Oddvar"]
[Result "1/2-1/2"]
[WhiteElo "1485"]
[BlackElo "1520"]
[PlyCount "56"]
[EventDate "2019.06.21"]
[EventType "swiss"]
[EventRounds "9"]
[EventCountry "NOR"]
[SourceTitle "EXT 2020"]
[Source "ChessBase"]
[SourceDate "2019.10.17"]
[SourceVersion "1"]
[SourceVersionDate "2019.10.17"]
[SourceQuality "1"]

1. d4 Nf6 2. Bg5 d5 3. c3 e6 4. Nd2 Be7 5. Qc2 h6 6. Bh4 Nbd7 7. e3 c5 8. Be2 e5 9. dxe5 Nxe5 10. Bg3 Nc6 11. Bf3 Bg4 12. Qd1 Bf5 13. Be2 0-0 14. Ngf3 Bd6 15. Bxd6 Qxd6 16. h3 a6 17. 0-0 Rae8 18. Re1 Re7 19. Bf1 g5 20. Nh2 Qd7 21. Be2 Ne5 22. Ndf3 Ng6 23. Nf1 g4 24. hxg4 Bxg4 25. Ng3 Kh7 26. Nh2 Bxe2 27. Rxe2 Rg8 28. Re1 Rge8 1/2-1/2

[Event "Nordic-ch Seniors"]
[Site "Sarpsborg"]
[Date "2019.06.22"]
[Round "3"]
[White "Heikkila, Raine"]
[Black "Lilleng, Gunnar"]
[Result "1/2-1/2"]
[WhiteElo "1663"]
[BlackElo "1485"]
[PlyCount "110"]
[EventDate "2019.06.21"]
[EventType "swiss"]
[EventRounds "9"]
[EventCountry "NOR"]
[SourceTitle "EXT 2020"]
[Source "ChessBase"]
[SourceDate "2019.10.17"]
[SourceVersion "1"]
[SourceVersionDate "2019.10.17"]
[SourceQuality "1"]

1. e4 d6 2. d4 Nf6 3. Nc3 Bg4 4. Nf3 e6 5. Be2 Nbd7 6. h3 Bh5 7. Bg5 Be7 8. Qd3 c6 9. 0-0-0 h6 10. Be3 Bg6 11. Nd2 d5 12. f3 Nh5 13. g4 Ng3 14. Rhg1 Nxe2+ 15. Qxe2 Nb6 16. Rdf1 Bh7 17. f4 dxe4 18. Ndxe4 Nd5 19. Kb1 Nxe3 20. Qxe3 g6 21. g5 h5 22. h4 Qb6 23. Na4 Qc7 24. Nac5 b6 25. Nd3 0-0 26. Ne5 a5 27. Qf3 Rac8 28. Nf6+ Kg7 29. Nxh7 Kxh7 30. Qe4 Kg7 31. Rg2 Rfd8 32. c3 c5 33. Rd2 cxd4 34. Rxd4 Rxd4 35. Qxd4 Bc5 36. Qe4 Rd8 37. Kc2 Rd5 38. Rf3 Be7 39. Rd3 Rxd3 40. Nxd3 Bd6 41. a3 Kg8 42. b4 axb4 43. axb4 Kf8 44. Kb3 Qb8 45. Qd4 Kg8 46. c4 Bc7 47. Qf6 Qd8 48. Qxd8+ Bxd8 49. b5 f6 50. Kc3 fxg5 51. fxg5 Bc7 52. c5 bxc5 53. Nxc5 Kf7 54. Kc4 Ke7 55. Ne4 Bb6 1/2-1/2

[Event "Nordic-ch Seniors"]
[Site "Sarpsborg"]
[Date "2019.06.21"]
[Round "1"]
[White "Lilleng, Gunnar"]
[Black "Andersen, Harry"]
[Result "0-1"]
[WhiteElo "1485"]
[BlackElo "1905"]
[PlyCount "120"]
[EventDate "2019.06.21"]
[EventType "swiss"]
[EventRounds "9"]
[EventCountry "NOR"]
[SourceTitle "EXT 2020"]
[Source "ChessBase"]
[SourceDate "2019.10.17"]
[SourceVersion "1"]
[SourceVersionDate "2019.10.17"]
[SourceQuality "1"]

1. d4 Nf6 2. c3 g6 3. Bg5 Ne4 4. Bf4 Bg7 5. f3 Nf6 6. e4 d5 7. e5 Nfd7 8. Bb5 c6 9. Bd3 c5 10. Ne2 0-0 11. 0-0 cxd4 12. cxd4 Qb6 13. Qb3 Qxb3 14. axb3 Nc6 15. Nd2 Nb4 16. Bb1 b6 17. Nc1 a5 18. Na2 Ba6 19. Re1 Nc6 20. Be3 Rfc8 21. Nc3 Nb4 22. f4 Nf8 23. Nf3 Rc7 24. Rd1 Rac8 25. Ne1 Bh6 26. Nd3 Bxd3 27. Bxd3 Rxc3 28. bxc3 Rxc3 29. Bd2 Rxd3 30. Bxb4 Rxd1+ 31. Rxd1 axb4 32. g3 Ne6 33. Kf2 Nc7 34. Rc1 Nb5 35. Rc8+ Bf8 36. Ke3 Nc3 37. Rc6 b5 38. Rc8 e6 39. Rb8 Kg7 40. Rb7 h6 41. Kd3 g5 42. fxg5 hxg5 43. Ke3 g4 44. Kd3 Kg6 45. Ra7 Bh6 46. Ra1 Ne4 47. Rf1 Nd2 48. Rf6+ Kg7 49. Rxh6 Kxh6 50. Kxd2 Kg5 51. Ke3 Kf5 52. Kd3 f6 53. exf6 Kxf6 54. Ke2 e5 55. Ke3 Ke6 56. Kd3 exd4 57. Kxd4 Kd6 58. Ke3 Ke5 59. Kd3 d4 60. Ke2 Ke4 0-1

[Event "EU-ch Seniors 65 18th"]
[Site "Drammen"]
[Date "2018.08.08"]
[Round "5"]
[White "Lilleng, Gunnar"]
[Black "Podlovny, Stella"]
[Result "0-1"]
[WhiteElo "1598"]
[BlackElo "1607"]
[PlyCount "100"]
[EventDate "2018.08.04"]
[EventType "swiss"]
[EventRounds "9"]
[EventCountry "NOR"]
[SourceTitle "CBM 186 Extra"]
[Source "ChessBase"]
[SourceDate "2018.08.24"]
[SourceVersion "1"]
[SourceVersionDate "2018.08.24"]
[SourceQuality "1"]

1. d4 d5 2. c3 Bf5 3. Nf3 Nf6 4. Qb3 Qc8 5. Nh4 Bg6 6. Bf4 e6 7. Nxg6 hxg6 8. Qa4+ Nbd7 9. Nd2 Be7 10. Nf3 Nh5 11. Bg5 Nhf6 12. e3 c6 13. Bd3 Bd6 14. Bf4 Bxf4 15. exf4 Qc7 16. Ne5 0-0 17. Qc2 Nxe5 18. fxe5 Nd7 19. h4 f5 20. Qe2 Kf7 21. g4 Rh8 22. 0-0-0 Rh6 23. Qf3 Rah8 24. Qg3 Qd8 25. g5 Rh5 26. f4 c5 27. Kb1 c4 28. Bc2 b5 29. a3 a5 30. Rd2 Qe7 31. Bd1 R5h7 32. Rdh2 b4 33. axb4 axb4 34. h5 gxh5 35. Rxh5 Rxh5 36. Rxh5 Rxh5 37. Bxh5+ g6 38. Be2 b3 39. Qh2 Nf8 40. Bxc4 dxc4 41. d5 exd5 42. Qf2 Qd7 43. Qb6 Ne6 44. Kc1 Nxf4 45. Qf6+ Kg8 46. Kd2 Qe6 47. Qd8+ Kg7 48. Qc7+ Qf7 49. Qd6 Qa7 50. e6 Qf2+ 0-1

[Event "Oslo Classic A"]
[Site "Oslo"]
[Date "2017.11.11"]
[Round "2"]
[White "Bergfjord, Idar"]
[Black "Lilleng, Gunnar"]
[Result "1-0"]
[WhiteElo "1782"]
[BlackElo "1605"]
[PlyCount "57"]
[EventDate "2017.11.10"]
[EventType "swiss"]
[EventRounds "5"]
[EventCountry "NOR"]
[SourceTitle "EXT 2024"]
[Source "ChessBase"]
[SourceDate "2023.10.10"]
[SourceVersion "1"]
[SourceVersionDate "2023.10.10"]
[SourceQuality "1"]

1. e4 d5 2. exd5 Qxd5 3. Nc3 Qd8 4. Nf3 Bg4 5. b3 e6 6. Bb2 Nf6 7. h3 Bh5 8. Bc4 c6 9. Qe2 Be7 10. 0-0-0 Nbd7 11. Rde1 Nb6 12. g4 Nxc4 13. Qxc4 Bg6 14. Ne5 Nd7 15. Nxg6 hxg6 16. Re3 Kf8 17. f4 Nb6 18. Qf1 Nd5 19. Nxd5 cxd5 20. f5 exf5 21. gxf5 Bf6 22. Ba3+ Kg8 23. fxg6 fxg6 24. Qg2 Kf7 25. Rg1 g5 26. Bb2 Qd6 27. Rf3 Rh6 28. Qxg5 Rah8 29. Qxg7+ 1-0

[Event "NOR-ch Seniors-B"]
[Site "Oslo"]
[Date "2015.07.04"]
[Round "6"]
[White "Hope, Lars"]
[Black "Lilleng, Gunnar"]
[Result "1/2-1/2"]
[WhiteElo "1050"]
[BlackElo "1234"]
[PlyCount "127"]
[EventDate "2015.07.04"]
[EventType "swiss"]
[EventRounds "9"]
[EventCountry "NOR"]
[SourceTitle "EXT 2017"]
[Source "ChessBase"]
[SourceDate "2016.10.25"]
[SourceVersion "1"]
[SourceVersionDate "2016.10.25"]
[SourceQuality "1"]

1. d4 d5 2. c4 dxc4 3. Nc3 Nf6 4. e3 Bg4 5. f3 Bh5 6. Bxc4 c6 7. Bd2 e6 8. Nge2 Be7 9. Qc2 Bg6 10. e4 0-0 11. Be3 Nd5 12. Nxd5 exd5 13. Bd3 dxe4 14. fxe4 Bh4+ 15. g3 Bg5 16. Bxg5 Qxg5 17. Nf4 Qa5+ 18. Qc3 Qxc3+ 19. bxc3 Nd7 20. Nxg6 hxg6 21. Kd2 Rad8 22. Rad1 Nf6 23. h3 Rfe8 24. Rhe1 Re7 25. e5 Nd5 26. a3 Nb6 27. Kc2 Nd5 28. Bc4 Kf8 29. Bxd5 Rxd5 30. Rd2 Rd8 31. Rd3 Rde8 32. Rde3 Rb8 33. c4 Rd8 34. Kc3 b6 35. a4 Rde8 36. Kd3 Rb8 37. Rb1 Reb7 38. d5 cxd5 39. cxd5 b5 40. axb5 Rxb5 41. Rxb5 Rxb5 42. Kc4 Rb8 43. Ra3 Rb7 44. Kc5 Ke7 45. Kc6 Rd7 46. Ra5 Kd8 47. d6 Kc8 48. Rb5 a6 49. Ra5 Ra7 50. Kb6 Ra8 51. Rxa6 Rxa6+ 52. Kxa6 Kd7 53. Kb6 g5 54. h4 gxh4 55. gxh4 g6 56. Kb7 f5 57. exf6 Kxd6 58. f7 Ke7 59. f8Q+ Kxf8 60. Kc6 Kf7 61. Kd5 Kf6 62. Ke4 Kg7 63. Kf4 Kh6 64. Kg4 1/2-1/2